|
|
|
|
| LEADER |
00000ngm a22000007ic4500 |
| 001 |
IT\ICCU\UBO\3395916 |
| 003 |
ItRI |
| 005 |
20260124182816.0 |
| 008 |
080318s1999 xxk|||||||||||||||k|||||c |
| 040 |
|
|
|b ita
|
| 041 |
|
7 |
|a eng
|2 ISO-639-2
|
| 245 |
0 |
0 |
|a Queer as folk.
|
| 260 |
|
|
|a London :
|b VCI,
|c c1999
|
| 300 |
|
|
|a 1 videocassetta (VHS) :
|b color. (PAL), son. ;
|c 19 cm
|
| 500 |
|
|
|a Tit. dell'etichetta.
|
| 773 |
0 |
|
|w IT\ICCU\UBO\3395699
|t Queer as folk
|g 1
|
| 942 |
|
|
|2 ddc
|c VM
|n 0
|
| 952 |
|
|
|0 0
|1 0
|4 0
|6 VO_571_000000000000000
|7 0
|9 26642
|a BO
|b BO
|d 2026-01-24
|i 7151
|l 0
|o VO 571
|p BO7151
|r 2026-01-24 18:28:16
|w 2026-01-24
|x [Sebina 5] [1 videocassetta]
|y VM
|z 1 videocassetta
|
| 999 |
|
|
|c 22533
|d 22533
|